1419 1852 1618 1099 1933 1117 1019 1739 1371 1504 1822 1889 1847 1294 1906 1123 1267 1305 1514 1503 1531 1153 1788 1590 1576 1148 1317 1470 1542 1120 1672 1773 1219 1824 1482 1180 1947 1564 1227 1893 1247 1200 1078 1729 1434 1068 1092 1044 1920 1045 1194 1415 1561 1876 1132 1591 1809 1945 1461 1509 1521 1001 1419 1926 1914 1740 1197 1250 1133 1547 1893 1645 1930 1590 1261 1286 1676 1397 1332 1433 1293 1355 1327 1249 1731 1726 1934 1325 1960 1253 1012 1004 1826 1783 1723 1405 1388 1507 1366 BCNSPRNW ULIB Ver.6.0+V

เปลี่ยนเป็นภาษาไทย

Change to English
 แสดงรายละเอียดบรรณานุกรม
  กลับหน้าหลัก

Brief Record : Get Marc (ISO 2709) : E-mail record : QR code < ปิดหน้าต่าง
LEADER : 00000nam 2200000uu 4500
001    13399110882
003     ULIB
008    110613s2005||||th 000 0 tha d
020    9748679241(ล.1)
050  4 AC158^bM111D ล.1 2005
100 0  Martina, Guido
245    ดิสนีย์ส (Disney s) โลกมหัศจรรย์ : สัตว์ต่างๆ/ ^cผู้แปลและเรียบเรียง ศูนย์การแปล คณะอักษณศาสตร์ จุฬาลงกรณ์มหาวิทยาลัย ; บรรณาธิการ ชาญศักดิ์ พงษ์สุวรรณ
260    กรุงเทพฯ : ^bโกเลียร์อินเตอร์เนชั่นแนล, ^c2005
300    20 เล่ม : ^bภาพประกอบ ; ^c26 ซม.
592    Buddhist era
650  7 ความรู้ทั่วไป
650  7 สัตว์
700    ชาญศักดิ์ พงษ์สุวรรณ, ^eบรรณาธิการ
710    จุฬาลงกรณ์มหาวิทยาลัย. ^bคณะอักษรศาสตร์. ^bศูนย์การแปล
945    ^p850^l0^i023015
995    ทศพร
999 ^a ใช้งานได้ทุกระบบ
รายการนี้ยังไม่มีแท็ก
คุณยังไม่ได้ล็อกอิน คุณสามารถมีกิจกรรมร่วมกับเว็บไซต์ได้ แต่ต้องล็อกอินก่อน ::
  ล็อกอิน

รายการสื่อสารสนเทศ

ลำดับที่ ประเภท เลขเรียก/บาร์โค้ด สถานที่ สถานะ
- ไม่พบข้อมูล -

รายการใกล้เคียง
    ผู้แต่ง [Martina, Guido]

    หัวเรื่อง [ความรู้ทั่วไป]
    หัวเรื่อง [สัตว์]

BibComment


ยังไม่เคยถูกคอมเมนท์

คอมเมนท์ทรัพยากรรายการนี้
  คอมเมนท์: ดิสนีย์ส Disney s..


 Copyright 2026. Bcnsprnw @Library